| 000 | 01805pam a2200397 a 4500 | ||
|---|---|---|---|
| 001 | sjds119948 | ||
| 003 | sjds | ||
| 005 | 20170615160625.0 | ||
| 008 | 920131s1992 onca j 000 1 eng c | ||
| 010 | _z 920936342 | ||
| 020 | _a1895565014 (pbk.) | ||
| 020 | _a9781895565010 (pbk.) | ||
| 020 |
_a9781895565010 ; _c6.95 |
||
| 035 | _a(OCoLC)25550157 | ||
| 040 |
_aCaOTU _beng _cCaOTU _dCaOONL _dUtOrBLW |
||
| 041 | 1 |
_aspa _heng |
|
| 049 | _aIFAA | ||
| 099 | _aESPANOL PICTURE BOOKS MUNSCH | ||
| 999 |
_c17635 _d17635 |
||
| 999 | _bESPANOL PICTURE BOOKS MUNSCH | ||
| 100 | 1 |
_aMunsch, Robert N., _d1945- _eauthor. |
|
| 240 | 1 | 0 |
_aLove you forever. _lSpanish |
| 245 | 1 | 0 |
_aSiempre te querre / _ccuento por Robert Munsch ; ilustraciones por Sheila McGraw. |
| 260 |
_aWillowdale, Ont. : _bFirefly, _c1992. |
||
| 264 | 1 |
_aWillowdale, Ont. : _bFirefly, _c1992. |
|
| 300 |
_a30 unnumbered pages : _bcolor illustrations ; _c21 cm |
||
| 336 |
_atext _btxt _2rdacontent |
||
| 337 |
_aunmediated _bn _2rdamedia |
||
| 338 |
_avolume _bnc _2rdacarrier |
||
| 500 | _aTranslation of: Love you forever. | ||
| 520 | _aUna mujer joven carga su hijito recien nacido y lo contempla con amor. Dulcemente le canta: para siempre te amare, para siempre te querre, mientras en mi haya vida, siempre sera mi bebe. Este es la historia que cuenta como aquel ninito pasa por las etapas de la ninez hasta que llega a ser un hombre. Es tambien acerca del amor para siempre de los padres, y como este amor trasciende de una generacion a otra. Siempre te querre es un libro tanto para los adultos como para los ninos...y divertira sin cansar. | ||
| 526 | 0 |
_aAccelerated Reader _bLG _c3.4 _d0.5 _z8019SP |
|
| 650 | 0 |
_aParent and child _vJuvenile fiction. |
|
| 650 | 7 |
_aPadres e hijos _vNovela juvenil. _2bidex |
|
| 700 | 1 | _aMcGraw, Sheila. | |
| 942 | _cBK | ||